Taxation : policy and practice 1995/6 edition /
THis book is about: The legislative framework of taxation; The impact of the UK tax system; Alternative bases of taxation; Personal taxation; ...
Sparad:
| Huvudupphovsman: | |
|---|---|
| Materialtyp: | Bok |
| Språk: | English |
| Publicerad: |
London :
Chapman and Hall,
1995.
|
| Upplaga: | 3rd ed. |
| Ämnen: | |
| Taggar: |
Lägg till en tagg
Inga taggar, Lägg till första taggen!
|
| Thư viện lưu trữ: | Mạng thư viện Đại học Đà Nẵng |
|---|
| LEADER | 01010cam a2200349 i 4500 | ||
|---|---|---|---|
| 001 | 000048379 | ||
| 003 | 8095 | ||
| 005 | 20030319100614.0 | ||
| 008 | 010316|1995 vm 000 eng | ||
| 020 | |a 0412639408 | ||
| 040 | |a IRC |c IRC |d IRC | ||
| 041 | 0 | |a eng | |
| 082 | 1 | 4 | |a 336.200941 |b HA-D |
| 100 | 1 | |a Hancock, Dora. | |
| 245 | 0 | 0 | |a Taxation : |b policy and practice 1995/6 edition / |c Dora Hancock. |
| 250 | |a 3rd ed. | ||
| 260 | |a London : |b Chapman and Hall, |c 1995. | ||
| 300 | |a xiii, 366 p. ; |c 24.5cm. | ||
| 520 | 3 | |a THis book is about: The legislative framework of taxation; The impact of the UK tax system; Alternative bases of taxation; Personal taxation; ... | |
| 630 | 0 | 4 | |a Great Britain. |
| 630 | 0 | 4 | |a Taxation. |
| 650 | 0 | 4 | |a Taxation |z Great Britain. |
| OWN | |a DUT | ||
| 999 | |a From the UDN01 | ||
| TYP | |a Monograph | ||
| TYP | |a Printed language | ||
| 980 | |a Mạng thư viện Đại học Đà Nẵng | ||


